| 000 | 00979nam a22002897a 4500 | ||
|---|---|---|---|
| 001 | 5406 | ||
| 003 | FISKH | ||
| 005 | 20241203123527.0 | ||
| 008 | 241203b cb ||||| |||| 00| 0 eng d | ||
| 020 | _a051488005995 | ||
| 040 |
_aFISKH _beng _cFISKH _dFISKH |
||
| 050 | _aPZ8.I25 | ||
| 082 | _a823.914 | ||
| 100 | _aIbbotson, Eva | ||
| 245 |
_aThe Secret of Platform 13 / _cby Eva Ibbotson |
||
| 260 |
_aNew York : _bA Puffin Books ; _c1994. |
||
| 300 |
_a231 pages : _billustrations ; _c20 cm . |
||
| 505 | _aZ | ||
| 520 | _aOdge Gribble, a young hag, accompanies an old wizard, a gentle fey, and a giant ogre on their mission through a magical tunnel from their Island to London to rescue their King and Queen's son who had been stolen as an infant. | ||
| 521 | 8 |
_a910
_bLexile |
|
| 521 | 8 |
_aZ
_bRaz-Plus |
|
| 650 |
_ayoung adult _vFiction |
||
| 650 |
_amagic _vFiction |
||
| 700 |
_aPorter, Sue _eillustrator |
||
| 942 |
_2ddc _cBK _n0 |
||
| 999 |
_c5406 _d5406 |
||